000 01927cam a22003614a 4500
999 _c127869
_d127869
001 13409294
003 ARRUPE
005 20180406122315.0
008 031119s2004 nyu b 001 0 eng
010 _a 2003066872
015 _aGBA4Y5222
_2bnb
016 7 _a010981911
_2Uk
020 _a0415969220 (alk. paper)
020 _a0415969239 (pbk. : alk. paper)
035 _a(OCoLC)ocm53796874
040 _aDLC
_cDLC
_dYDX
_dXMA
_dBAKER
_dVP@
_dUKM
_dNLGGC
_dDLC
042 _apcc
050 0 0 _aHQ1075
_b.B89 2004
082 0 0 _a305.3
_222
084 _a71.31
_2bcl
100 1 _aButler, Judith,
_d1956-
_941329
245 1 0 _aUndoing gender /
_cJudith Butler.
260 _aLondon :
_bRoutledge,
_c2004.
300 _aviii, 273 p. ;
_c24 cm.
504 _aIncludes bibliographical references (p. [251]-267) and index.
505 0 _aIntroduction : acting in concert -- Beside oneself : on the limits of sexual autonomy -- Gender regulations -- Doing justice to someone : sex reassignment and allegories of transsexuality -- Undiagnosing gender -- Is kinship always already heterosexual? -- Longing for recognition -- Quandaries of the incest taboo -- Bodily confessions -- The end of sexual difference? -- The question of social transformation -- Can the "other" of philosophy speak?
650 0 _aSex role.
_941330
650 0 _aGender identity.
_941331
856 4 1 _3Table of contents only
_uhttp://www.loc.gov/catdir/toc/fy0610/2003066872.html
856 4 2 _3Publisher description
_uhttp://www.loc.gov/catdir/enhancements/fy0702/2003066872-d.html
906 _a7
_bcbc
_corignew
_d1
_eocip
_f20
_gy-gencatlg
942 _2lcc
_cMONOGRAPH